Responses for Show #6794 - Thursday, March 13, 2014

Contestants

[<< previous game]

Jessica Rebel, a contract attorney and stay-at-home mom from Lenexa, Kansas

Matt Kish, a high school history teacher from Brunswick, Ohio

Diana Peloquin, a graduate student of law and social work from Ann Arbor, Michigan (whose 1-day cash winnings total $15,700)

[next game >>]

Jeopardy! Round responses

TV CHARACTER ALIASES
FAMILIAR PHRASES
AUTOMAKERS
"G.M."
FORD
DETROIT ROCKS!
    $200 2
Homer Simpson

Diana
    $200 6
nail

Diana
    $200 9
(Soichiro) Honda

Matt
    $200 15
gray matter

Matt
    $200 22
the Warren Commission

Jessica
    $200 7
strait

Matt
    $400 3
George Costanza

Matt
    $400 8
(Matt: What is advantage?)
(Jessica: What is the upper hand?)

the ball is in his court

MattJessica
Triple Stumper
    $400 10
(Preston) Tucker

Jessica
    $400 18
got milk?

Matt
    $400 23
(Henry) Kissinger

Matt
    $400 27
Rosa Parks

Jessica
    $600 1
Sonny Crockett

Matt
    $600 12
a bill of health

Matt
    $600 11
(Ferdinand) Porsche

Triple Stumper
    $600 19
George McGovern

Jessica
    $600 24
(Jessica: What is Lansing?)

Grand Rapids

DianaJessica
    $600 28
Joe Louis

Matt
    $800 4
Dexter

Jessica
    $800 13
a straw man

Jessica
    $1,200 16
(Gottlieb) Daimler

Matt
    $800 20
gun moll

Triple Stumper
    $800 25
inflation

Matt
    $800 29
(Diana: What is Art?)
[Initially ruled correct; reversed before Double Jeopardy!]

Arts

Diana
Triple Stumper
    $1000 5
Don Draper

Matt
    $1000 14
sea change

Triple Stumper
    $1000 17
(Alex: And his name was [*]. The [*] Arrow.)

(George) Pierce

Triple Stumper
    $1000 21
a gypsy moth

Matt
    $1000 26
Charles Manson

Jessica
    $1000 30
Windsor

Diana

Scores at the first commercial break (after clue 15):

Diana Matt Jessica
$400 $2,800 $1,600

Scores at the end of the Jeopardy! Round:

Diana Matt Jessica
$1,200 $7,200 $3,200

Double Jeopardy! Round responses

BIBLICAL ART
ELEPHANT HODGEPODGE
FILMED IN HAWAII
TREE WORDS
FRENCH LIT
PERIODIC SPELLING
(Alex: You have the give the word formed from the symbols of the elements in the clues.)
    $400 29
Noah's Ark

Matt
    $400 14
(Jessica: What are trunks?)

tusks

MattJessica
    $400 15
Avatar

Jessica
    $400 9
pine

Jessica
    $400 7
the Phantom of the Opera

Diana
    $400 3
AuRa

Jessica
    $800 25
(Jessica: What is the Pietà?)
(Diana: What is the Mona Lisa?)

The Last Supper

DianaJessica
Triple Stumper
    $800 16
Groucho Marx

Matt
    $800 17
Pirates of the Caribbean

Matt
    $800 10
ash

Diana
    $1,500 8
(Diana: What is... Switzerland?)
(Alex: No, he was born in North Africa in [*].)

Algeria

Diana
    $800 2
CuTe

Jessica
    $1200 26
(Alex: Less than a minute to go, now, Diana.)

the Promised Land

Triple Stumper
    $1200 21
(Alex: You're alone in first place, now.)

boxing

Matt
    $1200 18
Elvis Presley

Matt
    $1200 11
palm

Jessica
    $1200 1
Simone de Beauvoir

Triple Stumper
    $1200 4
FeAr

Jessica
    $1600 28
John the Baptist

Triple Stumper
    $1600 22
"Oh, What A Beautiful Morning"

Diana
    $1600 19
Tropic Thunder

Jessica
    $1600 12
chestnut

Triple Stumper
    $1600 23
river (or stream)

Triple Stumper
    $1600 5
NaIr

Jessica
    $1,000 30
(Matt: What is Numbers?)
(Alex: No, it's the book of [*], Belshazzar seeing the handwriting on the wall.)

Daniel

Matt
    $2000 27
Ganesh (or Ganesha)

Diana
    $2000 20
Waterworld

Matt
    $2000 13
elder

Triple Stumper
    $2000 24
The Red and the Black

Diana
    $2000 6
[Applause for Jessica's run of the category]
(Alex: Boy, you know your elements and their symbols! Well done.)

HYMn

Jessica

Scores at the end of the Double Jeopardy! Round:

Diana Matt Jessica
$5,700 $13,000 $11,600

[wagering suggestions for these scores]

Final Jeopardy! Round responses

WORLD CAPITALS
(Alex: [To Matt] We had to go to Asia, and that's what he did, starting with [*] in Europe and [**], the capital of North Korea.)
DianaWhat Santiago and Quito?
$5,697
JessicaWhat are Santiago and Bogota?
$11,598
MattWhat are Moscow + Pyongyang Pyongyang
$10,201
Moscow & Pyongyang

Final scores:

Diana Matt Jessica
$3 $23,201 $2
2nd place: $2,000 New champion: $23,201 3rd place: $1,000

Game dynamics:

Coryat scores:

Diana Matt Jessica
$7,200 $13,600 $11,600
9 R,
3 W
(including 1 DD)
20 R
(including 1 DD),
2 W
(including 1 DD)
16 R,
4 W

Combined Coryat: $32,400

[game clues] [game scores] [suggest correction]

Game tape date: 2013-11-20
The J! Archive is created by fans, for fans. Scraping, republication, monetization, and malicious use prohibited; this site may use cookies and collect identifying information. See terms. The Jeopardy! game show and all elements thereof, including but not limited to copyright and trademark thereto, are the property of Jeopardy Productions, Inc. and are protected under law. This website is not affiliated with, sponsored by, or operated by Jeopardy Productions, Inc. Join the discussion at JBoard.tv.